01649cam a22003977a 4500003000500000005001700005008004100022010001000063011001000073035001000083040000900093090001000102100003800112245014600150260004000296300003100336502010900367590003700476590004100513590004100554590004100595590004100636590004200677650002600719650003000745650002100775650002700796650003600823901000700859942000900866949004300875949005500918999001700973952013300990952012801123CHAP20220329141024.0971013s1996 r 00010 d a61435 a62407 a66581 cCHAP aTesis00aRíos Domínguez, Adela.999192 0aIncidencia de insectos en el cultivo de maíz (Zea mays L.) en tres sistemas de labranza (tradicional, mínima y cero) en Texcoco, México aChapingo, Méx. :bEl autor,c1996 a72 h.b; gráfs. ; anexos aTesis (Ing. Agr. Esp. en Parasitología Agrícola) -- UACH. Departamento de Parasitología Agrícola aALEPHb10c20130110lUCH01h1342 aBATCH-UPDb10c20130110lUCH01h0707 aBATCH-UPDb10c20130110lUCH01h2330 aBATCH-UPDb10c20130410lUCH01h0353 aBATCH-UPDb10c20130914lUCH01h1711 aCONVERSIONb10c20130109lUCH01h133314aLabranza cero.96430714aLabranza mínima.96430914aLabranza.96430314aMaízxPlagas.97103414aMaízzMéxico (Edo.).971099 aBK cFOLL bBCcTESd-151800eTS1h29856i66581si bBCcTESd33724000622650eTS2fc.2h29857i66581si c61435d61435 00102local4053708TESISaBCbBCcPA_TESISd2019-12-31fTESISl0p33724000622650r2019-12-31 00:00:00tc.2w2019-12-31yTESIS 00102local4051708TESISaBCbBCcPA_TESISd2019-12-31fTESISl0oTesisp-151800r2019-12-31 00:00:00w2019-12-31yTESIS